Nazioni vincitrici Vuelta a España - Statistics

Statistiche generali
  • Questo quiz è stato fatto 11 volte
  • Il punteggio medio è 12 su 14
Statistiche sulle risposte
Continente Vittorie Nazione % Corretto
Europa 8 Belgio
100%
America del Sud 2 Colombia
100%
Europa 9 Francia
100%
Europa 6 Italia
100%
Europa 2 Paesi Bassi
100%
Europa 32 Spagna
100%
Europa 3 Slovenia
91%
America del Nord 2 Stati Uniti
91%
Europa 3 Germania
82%
Asia / Europa 1 Russia
82%
Europa 5 Svizzera
82%
Europa 1 Irlanda
73%
Asia / Europa 1 Kazakistan
55%
Europa 3 Gran Bretagna
27%
Nessun quiz corrispondente trovato
Distribuzione punteggi
Percentuale di utenti per punteggio
Percentile per numero di risposta
I tuoi punteggi nel tempo
Non hai fatto questo quiz